Basın kanunu/ (Record no. 15571)

MARC details
000 -BAŞLIK
Sabit Uzunlukta Kontrol Alanı 00731nam a22002417a 4500
999 ## - SİSTEM KONTROL NUMARALARI (KOHA)
Koha Biblionumber 15571
Koha Biblioitemnumber 15571
003 - KONTROL NUMARASI IDENTIFIER
Denetim Alanı MIRAKIL
005 - SON İŞLEM TARİHİ VE ZAMANI
Denetim Alanı 20240305165119.0
008 - SABİT-BOY VERİ ELEMANLARI - GENEL BİLGİLER
Sabit Uzunlukta Kontrol Alanı 240305b tu ||||| |||| 00| 0 tur d
020 ## - ULUSLARARASI STANDART KİTAP NUMARASI
Uluslararası Standart Kitap Numarası 9786053338260
040 ## - KATALOGLAMA KAYNAK
Orijinal Kataloglama Ajansı TR-AnCHP
Metne Dönüştürmek Ajansı TR-AnCHP
041 ## - DİL KODU
Metin / Ses Parça Veya Ayrı Başlığın Dil Kodu tur
082 ## - DEWEY ONLU SINIFLANDIRMA NUMARASI
Sınıflandırma Numarası 343.0998026
Ürün Numarası T96 2008
110 ## - ANA GİRİŞ - KURUMSAL ADI
Giriş Elemanı Olarak Kurumsal Ad Veya Yargı Alanı Adı Türkiye Cumhuriyeti
245 10 - BAŞLIK TABLOSU
Başlık Basın kanunu/
Sorumluluk Tablosu, Vb Editör : Celal Ülgen.
260 ## - YAYIN, DAĞITIM, VB
Yayın, Dağıtım, Vb Yeri Ankara :
Yayıncı, Dağıtıcı, Vs Adı Beta,
Yayın, Dağıtım, Vb Tarihi 2008.
300 ## - FİZİKSEL TANIM
Kapsam IV , 217 sayfa ;
Boyutlar 14 cm.
490 0# - SERİSİ TABLOSU
Seri Beyanı Cep kanunları serisi ;
Hacim / Ardışık Tanımı 39.
490 0# - SERİSİ TABLOSU
Seri Beyanı Yayın no ;
Hacim / Ardışık Tanımı 3490
490 0# - SERİSİ TABLOSU
Seri Beyanı Hukuk dizisi ;
Hacim / Ardışık Tanımı 1732
650 #0 - KONU KATMA GİRİŞ - TOPİKAL DÖNEM
9 (RLIN) 7672
Topikal Süreli Veya Coğrafi Ad Giriş Elemanı Basın kanunu
856 ## - ELEKTRONİK YER VE ERİŞİM
Kamu Notu Dijital Nüshası için Partimizin Kütüphane Sorumlusu ile iletişime geçiniz.
942 ## - EKLENDİ GİRİŞ ELEMANLARI (KOHA)
Sınıflandırma Veya Raf Düzeni Kaynak Dewey Decimal Classification
Koha Öğesi Türü Books
Holdings
Kalıcı Konum Mevcut Konum Edinme Tarihi Toplam Check-Out'Lar Tam Çağrı Numarası Barkod Tarih Son Görülme İtibaren Geçerli Fiyatlar Koha Öğesi Türü
CHP Kütüphanesi CHP Kütüphanesi 03/05/2024   343.0998026 T96 2008 21455 03/05/2024 03/05/2024 Books